00287nam a2200085Ia 4500008004100000082001600041100003700057245008400094260002300178230320s9999||||xx |||||||||||||| ||spa|| a370.152/A45 aÁlvarez Hernández, Joaquín 0aProgramas De Desarrollo De Las Funciones Psicológicas En Educación Infantil bEscuela Española